Central Library OPAC University of Rajshahi

Alternative military strategies for the future / (Record no. 5902)

MARC details
000 -LEADER
fixed length control field 01424cam a2200385 a 4500
001 - CONTROL NUMBER
control field 5902
003 - CONTROL NUMBER IDENTIFIER
rucl marc code BD-RjUL
005 - DATE AND TIME OF LATEST TRANSACTION
control field 20211208234142.0
008 - FIXED-LENGTH DATA ELEMENTS--GENERAL INFORMATION
fixed length control field 140108s1985 coua b 101 0 eng
020 ## - INTERNATIONAL STANDARD BOOK NUMBER
International Standard Book Number 0813300657
035 ## - SYSTEM CONTROL NUMBER
System control number (OCoLC)12082181
System control number (OCoLC)ocm12082181
System control number (CStRLIN)NYCG85-B87145
System control number (BD-RjUL)5941
System control number (NNC)384867
040 ## - CATALOGING SOURCE
Modifying agency CStRLIN
-- BD-RjUL
Original cataloging agency BD-RjUL
Language of cataloging eng
Transcribing agency BD-RjUL
041 ## - LANGUAGE CODE
Language code of text/sound track or separate title eng
082 00 - DEWEY DECIMAL CLASSIFICATION NUMBER
Classification number 355.033573
Edition number 19
Author mark and year ALT 1985
090 ## - LOCALLY ASSIGNED LC-TYPE CALL NUMBER (OCLC); LOCAL CALL NUMBER (OCLC)
Classification number (OCLC) (R) ; Classification number, CALL (RLIN) (NR) UA23
Local cutter number (OCLC) ; Book number/undivided call number, CALL (RLIN) .A595 1985
245 00 - TITLE STATEMENT
Title Alternative military strategies for the future /
Statement of responsibility, etc. edited by Keith A. Dunn, William O. Staudenmaier ; foreword by Robert W. Komer.
260 ## - PUBLICATION, DISTRIBUTION, ETC. (IMPRINT)
Place of publication, distribution, etc. Boulder, CO :
Name of publisher, distributor, etc. Westview Press,
Date of publication, distribution, etc. c1985.
300 ## - PHYSICAL DESCRIPTION
Pagination xvii, 236 p. :
Illustrations ill. ;
Size 23 cm.
490 1# - SERIES STATEMENT
Series statement Studies in international security affairs and military strategy
500 ## - GENERAL NOTE
General note Papers presented at a conference held in November 1983 at the US Army War College.
504 ## - BIBLIOGRAPHY, ETC. NOTE
Bibliography, etc Includes bibliographies and index.
650 #0 - SUBJECT ADDED ENTRY--TOPICAL TERM
Topical term or geographic name as entry element Strategy
Form subdivision Congresses.
9 (RLIN) 18548
Topical term or geographic name as entry element World politics
Chronological subdivision 1945-1989
Form subdivision Congresses.
9 (RLIN) 18549
651 #0 - SUBJECT ADDED ENTRY--GEOGRAPHIC NAME
Geographic name United States
General subdivision Military policy
Form subdivision Congresses.
9 (RLIN) 18550
700 1# - ADDED ENTRY--PERSONAL NAME
Personal name Dunn, Keith A.
Personal name Staudenmaier, William O.
830 #0 - SERIES ADDED ENTRY--UNIFORM TITLE
Uniform title Studies in international security affairs and military strategy.
942 ## - ADDED ENTRY ELEMENTS (KOHA)
Source of classification or shelving scheme Dewey Decimal Classification
Koha item type Books
Holdings
Lost status Source of classification or shelving scheme Damaged status Not for loan Collection code Permanent Location Current Location Shelving location Date acquired Source of acquisition Total Checkouts Full call number Date last seen Copy number Koha item type
  Dewey Decimal Classification   Not For Loan Non-fiction Central Library, University of Rajshahi Central Library, University of Rajshahi   22/05/1989 Asia foundation   355.033573 ALT 1985 08/01/2014 C-1 Books